The end of human history : (Record no. 129644)

MARC details
000 -LEADER
fixed length control field 00837nam a22002537a 4500
003 - CONTROL NUMBER IDENTIFIER
control field 0
005 - DATE AND TIME OF LATEST TRANSACTION
control field 20210906111416.0
008 - FIXED-LENGTH DATA ELEMENTS--GENERAL INFORMATION
fixed length control field 0
010 ## - LIBRARY OF CONGRESS CONTROL NUMBER
LC control number B-098889 ENG-127497 ENG-129828
020 ## - INTERNATIONAL STANDARD BOOK NUMBER
Terms of availability 295.00
International Standard Book Number 8187649372
035 ## - SYSTEM CONTROL NUMBER
System control number B-098889, B-098894, EN-111026 EN-113360
037 ## - SOURCE OF ACQUISITION
Source of stock number/acquisition Cen Lib/Ret
040 ## - CATALOGING SOURCE
Original cataloging agency DPL
Language of cataloging EN
Transcribing agency 0
082 ## - DEWEY DECIMAL CLASSIFICATION NUMBER
Classification number S
Item number HAS
100 ## - MAIN ENTRY--PERSONAL NAME
Personal name Hasan Manzar
9 (RLIN) 26997
245 ## - TITLE STATEMENT
Title The end of human history :
Statement of responsibility, etc by Hasan Manzar; edited by Muhammad Umar Memon
Remainder of title stories /
260 ## - PUBLICATION, DISTRIBUTION, ETC. (IMPRINT)
Name of publisher, distributor, etc Katha
Place of publication, distribution, etc New Delhi
Date of publication, distribution, etc 2002
270 ## - ADDRESS
Address A-3, Sarvodaya Enclave, Sri Aurobindo Marg
City New Delhi
Postal code 110017
300 ## - PHYSICAL DESCRIPTION
Extent 299p.
Dimensions 20cm(pbk)
650 ## - SUBJECT ADDED ENTRY--TOPICAL TERM
Topical term or geographic name as entry element Manẓar, Ḥasan, -- 1934
9 (RLIN) 26998
650 ## - SUBJECT ADDED ENTRY--TOPICAL TERM
Topical term or geographic name as entry element Manẓar, Ḥasan, -- 1934- -- Translations into English
9 (RLIN) 26999
700 ## - ADDED ENTRY--PERSONAL NAME
Personal name Memon, Muhammad Umar
9 (RLIN) 27000
942 ## - ADDED ENTRY ELEMENTS (KOHA)
Source of classification or shelving scheme Dewey Decimal Classification
Koha item type English Books
Classification part S
Call number suffix HAS
Holdings
Withdrawn status Lost status Damaged status Not for loan Home library Current library Date acquired Source of acquisition Cost, normal purchase price Total Checkouts Full call number Barcode Date last seen Copy number Cost, replacement price Price effective from Koha item type Source of classification or shelving scheme Collection code Date checked out Total Renewals
        Central Library Central Library 07/07/2015 Cen Lib/Ret 295.00   S HAS B-098889 07/07/2015 1 295.00 15/09/2016 English Books        
        Patel Nagar Patel Nagar 10/07/2018 BPPD/Pub 295.00   S HAS B-098894 10/07/2018   295.00 10/07/2018 English Books Dewey Decimal Classification Fiction    
        Sarojini Nagar Sarojini Nagar 22/01/2020 DBAD/PUB 295.00 3 S HAS EN-111029 29/10/2022 1 295.00 22/01/2020 English Books Dewey Decimal Classification Fiction 06/10/2022  
        Sarojini Nagar Sarojini Nagar 06/09/2021 DBAD/PUB 295.00 2 S HAS EN-113360 18/09/2023 1 295.00 06/09/2021 English Books Dewey Decimal Classification Non-fiction 03/08/2023 3

© Delhi Public Library
Hit Counter
free hit counter